Report of the Committee on Cooperation (Record no. 489641)

000 -LEADER
fixed length control field 00461cam a22001337a 4500
008 - FIXED-LENGTH DATA ELEMENTS--GENERAL INFORMATION
fixed length control field 180718b1969 xxu||||| |||| 00| 0 eng d
082 ## - DEWEY DECIMAL CLASSIFICATION NUMBER
Classification number T16x5452 M267c/1969
100 ## - MAIN ENTRY--PERSONAL NAME
Personal name Committee on Co-operation
245 ## - TITLE STATEMENT
Title Report of the Committee on Cooperation
Statement of responsibility, etc. by Committee on Co-operation
260 ## - PUBLICATION, DISTRIBUTION, ETC.
Place of publication, distribution, etc. Madras
Name of publisher, distributor, etc. The author
Date of publication, distribution, etc. 1969
300 ## - PHYSICAL DESCRIPTION
Extent 3 Parts
500 ## - GENERAL NOTE
General note Contents: Pt. 1. 260p;Pt. 2. 160p;Pt.3. 88p Chairman: K. Santhanam
700 ## - ADDED ENTRY--PERSONAL NAME
Personal name Santhanam, K. (Chairman)
Holdings
Withdrawn status Lost status Damaged status Not for loan Permanent Location Current Location Date acquired Full call number Barcode Date last seen Price effective from Koha item type
        Indian Institute of Public Administration Indian Institute of Public Administration 2018-08-04 T16x5452 M267c/1969 GG10437 2018-08-04 2018-08-04 GG
        Indian Institute of Public Administration Indian Institute of Public Administration 2018-08-04 T16x5452 M267c/1969 GG10436 2018-08-04 2018-08-04 GG
        Indian Institute of Public Administration Indian Institute of Public Administration 2018-08-04 T16x5452 M267c/1969 GG10435 2018-08-04 2018-08-04 GG

Powered by Koha